000 01116nam a2200301Ia 4500
003 GCL
008 140319s9999 xx 000 0 ara d
020 _a2147210977
040 _aGCL /
_cGCL
082 0 4 _a371.2
_bا ا
100 1 _aاحمد ابراهيم احمد
245 1 0 _aادارة الازمات التعليمية فى المدارس :
_bالاسباب والعلاج /
_cاحمد ابراهيم احمد
250 _aالاولى
260 _aالقاهرة :
_bدار الفكر العربى ،
_c2002
300 _a227 ص ؛
_c24 سم
650 0 4 _aالمدارس
650 0 4 _aالدروس الخصوصية
650 0 4 _aالمدارس - تنظيم وادارة
650 0 4 _aالتعليم - مصر
650 0 4 _aالطلبة - اداب السلوك
650 0 4 _aالتعليم - تنظيم وادارة
650 0 4 _aالعنف فى المدارس
650 0 4 _aالتعليم - ادارة ازمات
650 0 4 _aالمدارس - ادارة ازمات
650 0 4 _aالطلبة - رعاية اجتماعية
650 0 4 _aالمدارس - مبانى
942 _2ddc
_cBK
999 _c9621
_d9621